Le plus grand en Europe - Statistiques

Statistiques générales
  • Ce quiz a été pris 395 fois
  • Le résultat moyen est 49 sur 60
Statistiques - réponses
Kkkkkk % Correct
Area Espagne
98%
Pays visité Espagne
98%
Chômage Espagne
98%
Area France
98%
Pop pays France
98%
Pays visité France
98%
Area Russie
98%
Pop pays Russie
98%
Pop pays Allemagne
97%
Pays visité Allemagne
97%
Area Suède
97%
Impot Suède
97%
Heureux Suède
97%
Villes visité Paris
95%
Capitale Londres
94%
Villes visité Londres
94%
PIB/capita Norvège
94%
Heureux Norvège
94%
Pop pays Royaume-Uni
94%
Pays visité Royaume-Uni
94%
Area Ukraine
94%
Pop pays Italie
93%
Pays visité Italie
93%
Dette Italie
93%
PIB/capita Monaco
91%
Pop Monaco
91%
Chômage Grece
90%
Dette Grece
90%
Capitale Madrid
90%
Capitale Berlin
88%
PIB/capita Luxembourg
88%
Capitale Moscou
86%
PIB/capita Suisse
86%
Heureux Suisse
86%
Pop Vatican
85%
Dette Portugal
84%
Impot Danemark
83%
Heureux Danemark
83%
Pop Pays-bas
80%
Impot Pays-bas
80%
Heureux Pays-bas
80%
Impot Belgique
79%
Dette Islande
78%
PIB/capita Liechtenstein
78%
Pop Saint Marin
77%
Non-Capitale Barcelone
75%
Villes visité Barcelone
75%
Dette Irlande
75%
Pop Malte
74%
Chômage Serbie
74%
Impot Autriche
68%
Chômage Bosnie-Herzegovine
63%
Chômage Macedoine
60%
Villes visité Milan
59%
Non-Capitale Saint-Petersbourg
52%
Capitale Athènes
51%
Villes visité Amsterdam
46%
Non-Capitale Hambourg
31%
Non-Capitale Kharkiv
6%
Non-Capitale Novossibirsk
3%
Aucun quiz correspondant
Distribution des résultats
% des personnes avec chaque résultat
Percentile par nombre de réponses
Votre historique - résultats
Vous n’avez pas pris ce quiz